Menší obchodníci zápasia s nedostatkami

Povinné duálne zobrazovanie cien nezvládlo takmer 46 percent obchodníkov. Situácia sa však postupne zlepšuje. Najhoršie výsledky zaznamenal Prešovský kraj. Sankcie neboli uložené.

Na minha lista:
Detalhes bibliográficos
Formato: Capítulo de Livro
Idioma:eslovaco
Assuntos:
Tags: Adicionar Tag
Sem tags, seja o primeiro a adicionar uma tag!

MARC

LEADER 00000naa$a2200000$$$4500
001 0084076
005 20231128093236.5
041 0 |a slo 
044 |a SK 
245 1 0 |a Menší obchodníci zápasia s nedostatkami 
520 |a Povinné duálne zobrazovanie cien nezvládlo takmer 46 percent obchodníkov. Situácia sa však postupne zlepšuje. Najhoršie výsledky zaznamenal Prešovský kraj. Sankcie neboli uložené. 
610 2 0 |a ceny duálne 
610 2 0 |a obchodníci 
610 2 0 |a Slovensko 
610 2 0 |a 2008